000
00288nam a22001337a 4500
008
171123b xxu||||| |||| 00| 0 eng d
020
_a
0442224346
041
_a
eng
080
_a
72
100
_a
42
101
_a
ARK
245
_a
COMPUTER ARCHITECTURE
_c
FOSTER.C.C
942
_2
udc
_c
BK
999
_c
38371
_d
38371